[Event "3rd GRENKE Chess Open 2018"]
[Site "Karlsruhe"]
[Date "2018.04.01"]
[Round "6"]
[White "Carlstedt, Jonathan"]
[Black "Lavrinenkov, Vadim"]
[Result "0-1"]
[WhiteElo "2432"]
[BlackElo "2249"]
[Annotator "TA"]
[PlyCount "90"]
[EventDate "2018.??.??"]
[EventType "swiss"]
[EventCountry "GER"]
[SourceTitle "playchess.com"]
[Source "ChessBase"]
[SourceQuality "1"]

{[%evp 13,90,11,18,-33,-27,-65,-56,-66,-72,-61,-27,-24,-36,-32,-24,-23,-24,-38,-25,-49,-44,-29,-36,-39,0,0,0,0,0,-55,-8,-52,0,-10,0,0,0,0,0,0,0,0,0,0,0,0,0,0,0,-44,0,0,0,-99,-99,-87,-68,-183,-172,-229,-218,-262,-233,-252,-241,-531,-529,-1439,-1458,-12833,-12833,-12832,-12831,-12796,-10315,-12797,-12201,-5854,-5822]} 1. d4 d5 2. c4 dxc4 3. e4 {[%cal Be2e4,Be4e5][%mdl 32]} Nf6 4. e5 Nd5 5. Bxc4 Nb6 6. Bb3 Bf5 7. Nc3 {D20: Queen's Gambit Accepted: 3 e3 and 3 e4} e6 {LiveBook: 29 Games} (7... Nc6 8. Nge2 e6 9. O-O Qd7 10. Be3 Be7 11. Ng3 Bg6 12. f4 Na5 13. d5 Nxb3 14. Qxb3 Bd3 15. Rfd1 Bc4 16. dxe6 Qxe6 17. Qc2 {1-0 (89) Sasikiran,K (2662)-Teterev,V (2506) Rhodes 2013}) 8. g4 $146 (8. Nge2 $11) ({Predecessor:} 8. Nge2 Na6 9. O-O Qd7 10. a3 c6 11. Bg5 h6 12. Be3 Nc7 13. Ng3 Bg6 14. Nce4 Nbd5 {0-1 (49) Schenk,A (2519)-Bischoff,K (2553) Germany 2010}) 8... Bg6 $15 9. h4 {aiming for h5.Black has an edge.} h5 10. g5 Nc6 11. Nge2 Bb4 12. a3 Ba5 13. O-O Ne7 14. Nf4 Qd7 15. Be3 c6 16. Bxe6 fxe6 17. b4 {[#]} Bxb4 $1 {[%mdl 512]} 18. axb4 Kf7 19. Qf3 {d5 is the strong threat.} Bf5 $1 20. Rfc1 Bg4 21. Qh1 ({White should try} 21. Qe4 $11) 21... Nbd5 22. Ne4 Nxf4 23. Nd6+ ({Don't play} 23. Bxf4 Qxd4 24. Nd6+ Kg6 $17) 23... Kg6 {And now ...Ne2+ would win.} 24. Bxf4 a6 25. Ra3 Raf8 26. Bg3 Nc8 27. Qe4+ Bf5 $1 {[%cal Rf5e4]} 28. Qe3 Kh7 29. Qe2 Bg6 30. Re3 Ne7 31. Rf3 Nf5 32. Rd1 Qc7 33. Rf4 {[#]} (33. Ra3 $11 {remains equal.}) 33... Ne7 $1 $17 {[%cal Bf5e7,Be7d5,Bd5b4,Bb4d3][%mdl 32]} 34. Rxf8 Rxf8 35. Rc1 (35. Qa2 $15) 35... Nd5 $19 36. Qd2 (36. Ra1 $142) 36... Qb6 37. Kg2 Nxb4 ({Not} 37... Qxb4 38. Qxb4 Nxb4 39. Nxb7 $15) 38. Qb2 a5 39. Qb3 $2 (39. Ra1) 39... Qxd4 {Black is clearly winning.} 40. Qxe6 Nd3 {[%cal Rf8f2]} 41. Rf1 Nf4+ 42. Bxf4 Rxf4 43. f3 Rxh4 {( -> ...Qd2+)} 44. Nf5 Qd2+ 45. Rf2 {[#]} Rh2+ $1 {[%mdl 512] Precision: White = 27%, Black = 69%.} 0-1

[Event "3rd GRENKE Chess Open 2018"]
[Site "Karlsruhe"]
[Date "2018.04.01"]
[Round "6"]
[White "Skawinski, Arkadiusz"]
[Black "Papp, Gabor"]
[Result "0-1"]
[WhiteElo "2422"]
[BlackElo "2604"]
[Annotator "TA"]
[PlyCount "53"]
[EventDate "2018.??.??"]
[EventType "swiss"]
[EventCountry "GER"]
[SourceTitle "playchess.com"]
[Source "ChessBase"]
[SourceQuality "1"]

{[%evp 14,53,20,-22,-23,-40,-39,-33,-39,-49,-23,-12,-16,-33,-39,-51,-67,-67,-67,-44,-55,-131,-133,-470,-469,-461,-464,-882,-865,-764,-472,-509,-501,-775,-631,-782,-764,-2357,-2332,-29995,-29996,-29996]} 1. e4 e5 2. Nf3 Nc6 3. Bb5 a6 4. Ba4 Nge7 5. d3 (5. O-O g6 6. c3 Bg7 7. d4 exd4 8. cxd4 b5 9. Bc2 d6 10. Nc3 Bg4 11. Be3 O-O 12. Qd2 Bxf3 13. gxf3 f5 14. Ne2 Qd7 15. Kh1 Kh8 16. a4 {1-0 (47) Saric,I (2669)-Movsesian,S (2647) Riadh 2017}) 5... g6 6. Nbd2 {C70: Ruy Lopez: 3...a6 4 Ba4, Norwegian and Delayed Schliemann} Bg7 7. c3 O-O 8. Nf1 {LiveBook: 4 Games. The position is equal.} d5 9. Be3 b5 $146 ({Predecessor:} 9... dxe4 10. dxe4 Qxd1+ 11. Rxd1 Be6 12. a3 {½-½ (20) Maidanova,I (1879)-Gavrjuchenkova,A (1915) Moscow 2010}) 10. Bb3 Qd6 11. h4 d4 12. cxd4 Nxd4 13. Nxd4 exd4 14. Bd2 c5 $36 {[%cal Bc7c5,Bc5c4][%mdl 2080] Black is more active.} 15. h5 Be6 16. Bxe6 Qxe6 17. Qf3 (17. hxg6 $15 hxg6 18. Ng3) 17... c4 $17 18. Bb4 $2 {[%mdl 8192]} (18. Qh3 $17) 18... Nc6 $19 {[%cal Be7c6,Bc6e5,Be5d3][%mdl 32]} 19. Bxf8 {[#]} Ne5 $1 {[%cal Re5f3]} 20. Qh3 (20. Qe2 $142 Nxd3+ 21. Kd1 Rxf8 22. hxg6 fxg6 23. f3) 20... Nxd3+ ({And not} 20... Bxf8 21. dxc4 Bb4+ 22. Nd2 $14) 21. Kd2 Rxf8 22. hxg6 Qxg6 23. Qh4 (23. Qf5 $142 Nxb2 24. Rh3) 23... Nxb2 24. Ng3 c3+ 25. Kc2 d3+ 26. Kb3 Qe6+ 27. Kb4 {Precision: White = 21%, Black = 81%.} 0-1

[Event "3rd GRENKE Chess Open 2018"]
[Site "Karlsruhe"]
[Date "2018.04.01"]
[Round "6"]
[White "Kopylov, Michael"]
[Black "Sumets, Andrey"]
[Result "1/2-1/2"]
[WhiteElo "2421"]
[BlackElo "2590"]
[Annotator "TA"]
[PlyCount "27"]
[EventDate "2018.??.??"]
[EventType "swiss"]
[EventCountry "GER"]
[SourceTitle "playchess.com"]
[Source "ChessBase"]
[SourceQuality "1"]

{[%evp 20,27,-22,-20,22,16,28,13,19,29]} 1. d4 d5 2. c4 e6 3. Nf3 Nf6 4. g3 Be7 5. Bg2 O-O 6. O-O c6 7. Nc3 Nbd7 8. b3 b6 {[%cal Bb7b6,Bb6b5][%mdl 32]} 9. Qc2 Ba6 10. Nd2 b5 {E08: Closed Catalan: Main Line: 7 Qc2} 11. Rd1 {LiveBook: 4 Games} Qc8 $146 ({Predecessor:} 11... Rc8 12. e4 dxc4 13. bxc4 e5 14. dxe5 Nxe5 15. Nf3 Nxf3+ 16. Bxf3 Qa5 17. Bf4 bxc4 18. e5 {1-0 (30) Ramirez,A (2551)-Ostrovskiy,A (2377) Saint Louis 2012}) 12. e4 dxc4 13. bxc4 bxc4 14. Na4 1/2-1/2

[Event "3rd GRENKE Chess Open 2018"]
[Site "Karlsruhe"]
[Date "2018.04.01"]
[Round "6"]
[White "Barbot, Pierre"]
[Black "Landa, Konstantin"]
[Result "0-1"]
[WhiteElo "2420"]
[BlackElo "2613"]
[Annotator "TA"]
[PlyCount "90"]
[EventDate "2018.??.??"]
[EventType "swiss"]
[EventCountry "GER"]
[SourceTitle "playchess.com"]
[Source "ChessBase"]
[SourceQuality "1"]

{[%evp 11,90,19,20,0,0,0,13,13,21,19,36,32,17,-13,-12,-29,-32,-39,-26,-57,89,-10,0,-74,-72,-62,-13,-61,-52,-86,-43,-106,-102,-258,-252,-301,-112,-161,-153,-160,-161,-147,-168,-164,-166,-156,-156,-150,-113,-212,-196,-211,-217,-217,-206,-240,-245,-272,-268,-254,-263,-291,-284,-318,-327,-344,-289,-295,-297,-287,-282,-282,-272,-406,-389,-406,-406,-397,-389,-351,-337]} 1. d4 d5 2. c4 e6 3. Nf3 a6 4. Bg5 Be7 5. Bxe7 Qxe7 6. e3 {D30: Queen's Gambit Declined: Systems without Nc3} Nf6 {LiveBook: 3 Games} 7. Bd3 $146 ({Predecessor:} 7. Nbd2 Nbd7 8. Rc1 c6 9. Bd3 O-O 10. Qc2 e5 11. cxd5 cxd5 12. dxe5 Nxe5 13. Nxe5 Qxe5 {½-½ (63) Wojtaszek,R (2734)-Bartel,M (2637) Poland 2017}) 7... dxc4 8. Bxc4 {The position is equal.} Qb4+ 9. Nbd2 Qxb2 10. O-O Nc6 11. Rb1 {[%mdl 1024] White has compensation.} Qa3 12. e4 Qe7 13. e5 Nd5 14. Ne4 b6 15. Re1 {And now Bxd5 would win.} Qd7 (15... O-O $15) 16. Rc1 (16. Bxd5 $16 Qxd5 17. Nc3) 16... Bb7 17. Bb3 (17. Bxd5 $1 $11 {remains equal.} Qxd5 18. Qd2) 17... O-O-O $17 18. Ba4 h6 19. Qc2 {[%cal Ra4c6]} Nde7 $1 20. Rb1 Qd5 21. Rec1 (21. Nd6+ $15 cxd6 22. Rxb6) 21... Kb8 22. Nc5 $2 (22. h3 $17 {was worth a try.}) 22... bxc5 $19 23. Qb2 {[%csl Gb1][%cal Rb2b7]} Nb4 $2 (23... Nxd4 $19 24. Rxc5 Qe4) 24. Rxc5 $17 Nd3 25. Rxd5 {[%csl Gb1][%cal Rb2b7]} Nxb2 26. Rxd8+ Rxd8 27. Rxb2 Kc8 28. Bd1 Nf5 29. Rb4 Bc6 30. Bc2 (30. Be2 $17) 30... a5 31. Rc4 {[#]} Bxf3 $1 32. gxf3 Rxd4 $19 {[%mdl 4096] Endgame KRB-KRN} ({Don't play} 32... Nxd4 33. Be4) 33. Rc5 Nh4 34. Kf1 Rd5 ({Don't do} 34... Nxf3 35. Ke2 $19) 35. Rc3 Rxe5 36. Be4 Nf5 37. Bc6 Nd4 38. Be8 f5 39. f4 Re4 40. Rc5 Kd8 41. Ba4 Re2 42. Rxa5 (42. Bb3 {was necessary.}) 42... Rxa2 {Black is winning.} 43. Ra8+ Ke7 44. Re8+ Kf7 45. Ra8 {[#] Be8+ would now be nice for White.} Nb5 $1 {[%mdl 512] Precision: White = 33%, Black = 67%.} 0-1

[Event "3rd GRENKE Chess Open 2018"]
[Site "Karlsruhe"]
[Date "2018.04.01"]
[Round "6"]
[White "Nitin, S.."]
[Black "Heberla, Bartlomiej"]
[Result "1-0"]
[WhiteElo "2408"]
[BlackElo "2570"]
[Annotator "TA"]
[PlyCount "129"]
[EventDate "2018.??.??"]
[EventType "swiss"]
[EventCountry "GER"]
[SourceTitle "playchess.com"]
[Source "ChessBase"]
[SourceQuality "1"]

{[%evp 9,129,46,56,37,67,56,84,82,88,75,84,83,106,103,112,112,112,112,115,103,144,139,142,142,142,139,154,133,132,147,151,127,134,127,135,122,124,89,116,118,108,106,106,110,114,114,114,114,114,114,114,114,116,111,118,118,118,118,118,118,118,118,121,121,121,121,121,121,272,272,270,270,262,242,473,473,455,449,403,377,335,244,682,648,555,451,718,687,3509,1221,2662,1954,6428,6103,29955,29956,29957,29958,29964,29964,29962,29960,29959,4080,29963,29964,29963,29965,29964,29965,29966,29967,29967,29968,29968,29969,29969,29970,29971,29973,29980,29981]} 1. e4 Nc6 2. Nc3 Nf6 3. d4 d5 4. e5 Nd7 5. Be2 (5. Be3 Nb6 6. b3 Bf5 7. Bd3 Bg6 8. Nce2 e6 9. c3 Ne7 10. Nf3 Nf5 11. Nf4 Be7 12. Qd2 Rc8 {1-0 (45) Pridorozhni,A (2565)-Hasangatin,R (2496) Sochi 2017}) 5... Nb6 6. f4 {B00: Queen's Fianchetto Defence, Nimzowitsch Defence} g6 7. Be3 $146 ({Find the theoretical novelty and annotate with similar games:} 7. a4 Nb4 8. Na2 a5 9. Nxb4 axb4 10. Bd2 e6 11. b3 c5 12. Nf3 Bd7 13. O-O Nc8 {½-½ (42) Kroeger,T-Sell,A Germany 1993}) 7... Bg7 8. h3 {White is better.} f6 9. Nf3 Be6 10. Qd2 Qd7 11. b3 Bf5 12. O-O O-O 13. Nd1 {[%cal Bc3d1,Bd1b2,Bb2d3][%mdl 32]} Be4 14. c3 Bxf3 15. Bxf3 e6 16. Nb2 Nc8 17. Nd3 b6 18. Rae1 N8e7 19. exf6 Rxf6 20. Bf2 Raf8 21. Qe2 Nd8 22. Bh4 R6f7 23. Bg4 Qb5 24. Ne5 Qxe2 25. Rxe2 Bxe5 26. Rxe5 ({Of course not} 26. dxe5 $6 h5 $11) 26... Kg7 27. Rfe1 Nec6 28. R5e3 Rxf4 29. Bg3 R4f7 30. Bxe6 Nxe6 31. Rxe6 Nd8 32. Re7 Rxe7 33. Rxe7+ Rf7 34. Rxf7+ (34. Be5+ {NOTEXT} Kf8 35. Rxc7 Rxc7 36. Bxc7 Nc6 37. Kf2) 34... Kxf7 35. Bxc7 $16 {[%mdl 4096] Endgame KB-KN} Ne6 36. Bb8 a6 37. Kf2 b5 38. Ke3 Ke7 $2 {[#]} (38... Nd8 $16 39. Bc7 Ne6) 39. c4 $1 $18 bxc4 40. bxc4 dxc4 41. d5 Ng7 $2 (41... Nc5 42. Kd4 Nd7) 42. Kd4 Nf5+ 43. Kxc4 Ne3+ 44. Kc5 Kd7 45. g3 g5 $2 {[#]} (45... Nd1 46. Kd4 Ke7) 46. a4 h5 47. Be5 a5 (47... g4 $142 48. hxg4 Nxg4) 48. Bf6 Nf1 49. Bxg5 Nxg3 50. Bf4 Ne2 51. Be5 Ng1 52. h4 Nf3 53. Bg3 Nd2 54. Kb5 Nb3 55. Be5 Nd2 56. Bf4 (56. Bh2 $142 Nf3 57. Bg3 Nd4+ 58. Kxa5 Nf5 59. Bh2 Ne3 60. Kb6 Nxd5+ 61. Kc5) 56... Nf3 57. Bg3 {White mates.} Nd4+ 58. Kxa5 Nf5 59. Be1 Ne7 60. Kb6 Nxd5+ 61. Kb7 Nc7 62. a5 {[%cal Ba4a5,Ba5a6][%mdl 32]} Ne6 63. a6 Nc5+ 64. Kb6 Na4+ 65. Kb5 {Precision: White = 76%, Black = 46%.} 1-0

[Event "3rd GRENKE Chess Open 2018"]
[Site "Karlsruhe"]
[Date "2018.04.01"]
[Round "6"]
[White "Burri, Quentin"]
[Black "David, Alberto"]
[Result "1-0"]
[WhiteElo "2405"]
[BlackElo "2566"]
[Annotator "TA"]
[PlyCount "97"]
[EventDate "2018.??.??"]
[EventType "swiss"]
[EventCountry "GER"]
[SourceTitle "playchess.com"]
[Source "ChessBase"]
[SourceQuality "1"]

{[%evp 19,97,26,43,21,23,26,22,0,7,15,0,0,0,0,10,-2,-10,-23,38,34,66,-14,-6,-12,0,-21,29,12,51,14,41,-7,-4,-5,0,-6,2,-151,-141,-159,-160,-158,-158,-154,-142,-174,-178,-187,-158,-162,0,-164,0,-166,-175,-153,-148,-183,-173,-187,331,335,337,330,373,347,397,288,366,361,486,526,508,455,444,443,619,618,634,604]} 1. e4 c6 2. d4 d5 3. e5 Bf5 4. Nf3 e6 5. Be2 h6 6. O-O Ne7 7. Nbd2 {B12: Caro-Kann: Advance Variation} Nd7 8. Nb3 Bg6 (8... Qc7 9. c3 Bh7 10. Bd3 Bxd3 11. Qxd3 c5 12. Nxc5 Nxc5 13. dxc5 Qxc5 14. Be3 {½-½ (70) Carlsen,M (2832)-So,W (2815) chess.com INT 2017}) 9. Bd2 Nf5 10. Rc1 Rc8 {LiveBook: 3 Games} 11. g4 $146 ({Predecessor:} 11. Bd3 h5 12. c4 dxc4 13. Bxc4 Nb6 14. Ba5 Qe7 15. d5 Nxc4 16. Rxc4 exd5 17. Qxd5 {½-½ (69) Kryvoruchko,Y (2706)-Solak,D (2610) Yerevan 2014}) 11... Ne7 12. Nh4 Bh7 13. f4 c5 {[%cal Bc6c5,Bc5c4][%mdl 32]} 14. c3 Nc6 15. Ng2 c4 16. Na1 Qb6 17. Kh1 Qxb2 {White should prevent ...Be4.} 18. f5 Ne7 (18... Be7 $11) 19. Nc2 $14 {[%mdl 1024] White has compensation.} g5 (19... exf5 20. Nge3 $15) 20. Nce3 (20. Rb1 $14 Qxa2 21. Kg1 (21. Rxb7 Qa6 $11)) 20... Qa3 $11 21. Qe1 Nc6 22. Qf2 Nd8 23. Bd1 Be7 24. Bc2 Nb6 25. Rb1 Kd7 26. Rb5 Nc6 27. Rfb1 Kc7 28. fxe6 $2 ({Better is} 28. Bc1 $11 Qxa2 29. R5b2) 28... fxe6 $17 29. Qf7 Bxc2 (29... Qxa2 30. R5b2 $16) 30. Nxc2 Qa4 31. Nge3 {[#]} Kd7 $1 32. Be1 Rcf8 33. Qg6 Rfg8 (33... Qxa2 $2 34. Ra1 $18) 34. Qf7 Rf8 35. Qg6 $1 Rfg8 (35... Qxa2 $2 36. Ra1 $18) 36. Qf7 Nd8 37. Qf3 Rf8 ({But not} 37... Qxa2 $2 38. Ra1 $18) 38. Qe2 Nc6 {[%cal Bd8c6,Bc6a5,Ba5b3][%mdl 32]} 39. Bg3 Rf7 $4 {[%mdl 8192] [#]} (39... Kc7 $19 40. Qg2 Kc8) 40. Nxd5 $1 $18 {[%mdl 512]} Nxd5 {[#]} 41. Rxd5+ $1 {[%mdl 512]} Kc8 (41... exd5 42. e6+) 42. Rdb5 Na5 43. Ne3 Ba3 44. d5 {[%cal Bd4d5,Bd5e6][%mdl 32]} Re8 {and the idea ...Rc7 leaves Black hopeful.} 45. dxe6 {White is clearly winning.} Rc7 46. Qc2 Nb3 47. Rd5 ({Not} 47. axb3 Qxb5 48. Nxc4 Rxc4 $14) 47... Bc5 48. Nf5 ({Weaker is} 48. axb3 Qc6 $16) 48... Qc6 49. Qg2 {Precision: White = 31%, Black = 57%.} 1-0

[Event "3rd GRENKE Chess Open 2018"]
[Site "Karlsruhe"]
[Date "2018.04.01"]
[Round "6"]
[White "Keymer, Vincent"]
[Black "Valsecchi, Alessio"]
[Result "1-0"]
[WhiteElo "2403"]
[BlackElo "2510"]
[Annotator "TA"]
[PlyCount "89"]
[EventDate "2018.??.??"]
[EventType "swiss"]
[EventCountry "GER"]
[SourceTitle "playchess.com"]
[Source "ChessBase"]
[SourceQuality "1"]

{[%evp 14,89,2,-14,16,7,0,0,46,0,21,25,22,0,72,47,42,22,34,10,12,14,12,12,41,22,28,37,80,88,177,174,197,206,204,203,206,126,116,114,259,277,276,256,262,277,275,262,268,270,413,425,404,416,406,91,275,251,280,277,271,277,255,262,404,398,398,393,354,354,347,280,467,443,610,423,29984,29985]} 1. Nf3 c5 2. c4 Nf6 3. d4 e6 4. Nc3 cxd4 5. Nxd4 Nc6 6. g3 Qb6 7. Nf3 {A33: Symmetrical English: 2 Nf3 Nf6 3 d4 cxd4 4 Nxd4 e6 5 Nc3 Nc6} Bb4 (7... Bc5 8. e3 Bb4 9. Bd2 d5 10. cxd5 exd5 11. Bg2 O-O 12. O-O Bg4 13. Qb3 Ba5 14. Qxb6 Bxb6 15. Na4 Ne4 16. Rfd1 {½-½ (16) Svidler,P (2765)-Anand,V (2782) Riadh 2017}) 8. Bg2 {LiveBook: 4 Games} Ne4 {[%csl Ge4][%cal Rb6f2]} (8... Qc5 {keeps more tension.} 9. Qd3 Ng4 10. O-O Nge5 11. Nxe5 Nxe5 12. Qd2 Nxc4 13. Qd3 Ne5) 9. O-O {The position is equal.} Nxc3 10. bxc3 Be7 $146 ({Predecessor:} 10... Bxc3 11. Be3 Qa5 12. Rc1 O-O 13. Qb3 Bf6 14. Rfd1 Be7 {0-1 (44) Unger,M (2220)-Khalifman,A (2645) Bad Wiessee 1998}) 11. Be3 Qc7 12. c5 O-O 13. Nd4 Nxd4 (13... a6 $11) 14. cxd4 d5 15. cxd6 Bxd6 16. Qb3 Rb8 17. Rac1 $36 {[%mdl 2048] White fights for an advantage.} Qe7 18. Rfd1 b5 19. Bc6 a6 20. Rc2 Bb7 21. d5 {Strongly threatening dxe6.} exd5 (21... Bc8 $16) 22. Rxd5 $18 {Threatens to win with Bxb7.} ({Don't take} 22. Bxd5 $6 Bxd5 23. Qxd5 Bb4 $14) 22... Bc8 23. Qd3 $1 Bb4 24. Bg5 $1 {[%cal Rg5e7]} Qe6 25. Qd4 Be7 26. Bf4 Qg6 {[#]} (26... Bb7 $16) 27. Rc1 $1 Be6 28. Bxb8 Bxd5 29. Bxd5 Rxb8 30. Qa7 Qd6 31. Rc6 Qe5 (31... Qd8 $142 32. Rc7 (32. Rxa6 Rc8 $18) 32... Bf6) 32. f4 Qxd5 33. Qxb8+ {[%mdl 4096] Endgame KQR-KQB} Bf8 34. Qb6 $2 (34. Rc8 $18 {[%csl Gb8][%cal Rc8f8] and White stays clearly on top.} Qd4+ 35. Kf1 Qd1+ 36. Kf2 Qd4+ 37. Kf3) 34... Qxa2 $2 (34... Qd1+ $16 35. Kf2 Qh1) 35. Qe3 a5 36. Rc8 {White threatens Qc5 and mate.} Qb1+ 37. Kg2 {Hoping for Qe7.} Qb4 38. Qd3 Qe7 (38... a4 {keeps fighting.} 39. Qd5 g6) 39. Qxb5 Qe4+ 40. Kg1 {aiming for Qc5.} Qd4+ {[#]} 41. Kf1 $1 a4 42. Qc4 Qd1+ $2 (42... Qxc4 {was necessary.} 43. Rxc4 a3) 43. Kg2 a3 44. Qd3 Qa4 (44... Qxd3 $18 45. exd3 f6) 45. Qd6 {Precision: White = 66%, Black = 30%.} 1-0

[Event "3rd GRENKE Chess Open 2018"]
[Site "Karlsruhe"]
[Date "2018.04.01"]
[Round "6"]
[White "Akshat, Khamparia"]
[Black "Lampert, Jonas"]
[Result "0-1"]
[WhiteElo "2396"]
[BlackElo "2532"]
[Annotator "TA"]
[PlyCount "50"]
[EventDate "2018.??.??"]
[EventType "swiss"]
[EventCountry "GER"]
[SourceTitle "playchess.com"]
[Source "ChessBase"]
[SourceQuality "1"]

{[%evp 19,50,5,5,0,0,0,0,0,0,0,0,0,0,0,0,0,-7,-72,-41,-93,-91,-143,-139,-173,-170,-414,-421,-413,-411,-504,-507,-683,-675]} 1. d4 d5 2. c4 c6 3. Nc3 {[%cal Bb1c3,Bc3e4,Be4g3,Bg3f1,Bf1e3][%mdl 32]} dxc4 4. e3 b5 {[%cal Bb7b5,Bb5b4][%mdl 32]} 5. a4 b4 6. Ne4 {D10: Slav Defence: 3 cxd5 (without early Nf3) and 3 Nc3} Qd5 7. Ng3 Nf6 8. Be2 e5 (8... Nbd7 9. Nf3 Ba6 10. O-O e6 11. b3 Qa5 12. bxc4 c5 13. Bb2 Rd8 {1-0 (41) Mamedyarov,S (2772)-Holt,C (2555) chess.com INT 2017}) 9. Nf3 exd4 10. exd4 Bd6 {LiveBook: 12 Games} 11. Nf1 c3 12. Ne3 cxb2 13. Bxb2 Qe6 14. O-O $146 {aiming for d5!} Nd5 15. Bd3 Nxe3 16. fxe3 Ba6 $36 {[%mdl 2048] White is under pressure.} ({Don't do} 16... Qxe3+ 17. Kh1 $17) 17. Bxa6 $1 Nxa6 ({Wrong is} 17... Qxe3+ $2 18. Kh1 $18) 18. Qd3 (18. d5 $11 Qxe3+ 19. Kh1) 18... Nc7 $17 19. Ng5 (19. g3 $15) 19... Qg6 20. Rf5 (20. Qe4+ $142 Qxe4 21. Nxe4) 20... O-O 21. Raf1 Nd5 {Strongly threatening ...Ne7.} 22. Nh3 $2 {[#]} (22. Qb3) 22... Ne7 $19 23. e4 Nxf5 24. exf5 Qh5 25. d5 Rfe8 {Precision: White = 35%, Black = 100%.} 0-1

[Event "3rd GRENKE Chess Open 2018"]
[Site "Karlsruhe"]
[Date "2018.04.01"]
[Round "6"]
[White "Skembris, Spyridon"]
[Black "Noe, Christopher"]
[Result "1/2-1/2"]
[WhiteElo "2394"]
[BlackElo "2494"]
[Annotator "TA"]
[PlyCount "49"]
[EventDate "2018.??.??"]
[EventType "swiss"]
[EventCountry "GER"]
[SourceTitle "playchess.com"]
[Source "ChessBase"]
[SourceQuality "1"]

{[%evp 22,49,30,-12,44,34,66,62,68,50,68,62,110,110,111,110,178,79,81,79,125,130,97,45,79,64,88,75,75,47]} 1. c4 e5 2. g3 Nf6 3. Bg2 d5 4. cxd5 Nxd5 5. Nc3 Nb6 6. Nf3 Nc6 7. O-O Be7 8. a3 a5 9. d3 O-O 10. Be3 Re8 11. Rc1 Bf8 {A29: English Opening: Four Knights Variation with 4 g3} 12. Nb5 {LiveBook: 10 Games} (12. d4 exd4 13. Nxd4 Nxd4 14. Qxd4 Qxd4 15. Bxd4 c5 16. Be3 a4 17. Ne4 Ra5 18. Rfd1 Rb5 19. Bxc5 Rxb2 {1-0 (36) Naiditsch,A (2698)-Bogner,S (2569) Belfort 2012}) 12... Nd5 (12... a4 $11) 13. Bc5 $14 Be6 {White is slightly better.} 14. Bxf8 Kxf8 $146 ({Predecessor:} 14... Rxf8 15. e4 Nb6 16. h3 f6 17. Re1 Qd7 18. d4 exd4 19. Nfxd4 Nxd4 20. Nxd4 {1-0 (46) Castaneda,J (2199)-Barros,R (2146) San Andres Isla 2015}) 15. Rc5 f6 16. Qc2 {And now d4 would win.} Qd7 17. d4 {Strongly threatening dxe5.} e4 18. Qxe4 b6 {[#]} (18... Nce7 $16) 19. Rxd5 (19. Ng5 $1 $18 {[%cal Rg5e6] is the precise move to win.} fxg5 20. Rxd5 Qxd5 21. Qxd5 Bxd5 22. Bxd5) 19... Bxd5 $16 20. Qxh7 Ne7 21. Nc3 Bg8 22. Qc2 (22. Qh8 $16) 22... Rad8 23. Rc1 Bf7 24. e3 Kg8 25. Nh4 {Precision: White = 50%, Black = 12%.} 1/2-1/2

[Event "3rd GRENKE Chess Open 2018"]
[Site "Karlsruhe"]
[Date "2018.04.01"]
[Round "6"]
[White "Tomczak, Mikolaj"]
[Black "Riff, Jean-Noel"]
[Result "1/2-1/2"]
[WhiteElo "2394"]
[BlackElo "2503"]
[Annotator "TA"]
[PlyCount "20"]
[EventDate "2018.??.??"]
[EventType "swiss"]
[EventCountry "GER"]
[SourceTitle "playchess.com"]
[Source "ChessBase"]
[SourceQuality "1"]

{[%evp 15,20,-12,-16,-16,0,0,0]} 1. d4 Nf6 2. c4 e6 3. Nc3 Bb4 4. Qc2 d5 5. a3 Bxc3+ 6. Qxc3 c5 {E36: Nimzo-Indian: Classical: 4...d5 5 a3} (6... Ne4 7. Qc2 c5 8. dxc5 Nc6 9. cxd5 exd5 10. Nf3 Qf6 11. e3 Bg4 12. Be2 O-O 13. O-O Rfe8 14. Bd2 d4 15. Rad1 Nxd2 16. Rxd2 dxe3 {½-½ (31) Mamedyarov,S (2809)-So,W (2799) Berlin 2018}) 7. cxd5 cxd4 8. Qxd4 Nc6 {LiveBook: 3 Games. The position is equal.} 9. Qh4 exd5 10. Bg5 O-O $146 ({Predecessor:} 10... Bf5 11. Bxf6 gxf6 12. e3 Rg8 13. Nf3 Rg4 14. Qh6 Qa5+ {0-1 (36) Rusek,W (1794)-Bejashvili,I (1749) Yerevan 2014}) 1/2-1/2